00699 2200229 4500001002100000005001700021008004100038035002400079082001100103090001600114245015300130250001000283260003200293300002900325650003600354700001600390850001500406980001500421985000600436986001200442999001500454YOGYA-0209000000417220090227020705.0 ind  0010-020900000004172 a378.16 a378.16bPan aPANDUAN ujian masuk PGSD 1991bminat jabatan, bahasa Indonesia, ilmu pengetahuan sosial, ilmu pengetahuan alam, matematikacTim pembahas Abdurachman aCet.1 aBandungbEpsilon Grupc1991 avi, 103 hlmbilusc21 cm aPerguruan tinggi - Syarat masuk aAbdurachman aYOPDYOG(B) a05-08-2006 a1 aMrrtrev a93P0039186